000
00313nam a22001217a 4500
008
160518b xxu||||| |||| 00| 0 eng d
020
_a
9780397549535
020
_a
0397549539
041
_a
eng
080
_a
618.2
245
_a
Maternal neonatal nursing :
_c
Katharyn A. May; Laura R. Mahlmeister;
942
_2
udc
_c
BK
999
_c
2170
_d
2170